Statistics for Most popular pop song (with artist) by year

Click here to take the quiz!

General Stats

  • This quiz has been taken 20 times
  • The average score is 8 of 17

Answer Stats

Year Artist Song title % Correct
2014Pharrell WilliamsHappy
100%
2015Mark Ronson ft. Bruno MarsUptown Funk
89%
2013Macklemore and Ryan LewisThrift shop
79%
2012Goyte ft KimbraSomebody that i used to know
63%
2010Ke$haTiK ToK
63%
2011AdeleRolling in the deep
58%
2016Justin BieberLove yourself
47%
2003The Black Eyed PeasWhere Is The Love?
37%
2008Flo Rida ft T-painLow
37%
2006Daniel PowterBad day
32%
2005Mariah CareyWe belong together
32%
2009The Black Eyed PeasBoom Boom Pow
32%
2004Usher ft. Lil Jon & LudacrisYeah!
26%
2007BeyonceIrreplaceable
16%
2002NickelbackHow you remind me
16%
2001LifehouseHanging by a moment
16%
2000Faith HillBreathe
16%

Score Distribution

Percentile by Number Answered

Percent of People with Each Score

Your Score History

You have not taken this quiz